[Event "World Blitz Women 2025"]
[Site "Doha QAT"]
[Date "2025.12.29"]
[Round "6.50"]
[White "Zhang, Lanlin"]
[Black "Preobrazhenskaya, Diana"]
[Result "0-1"]
[WhiteTitle "WIM"]
[BlackTitle "WFM"]
[WhiteElo "2291"]
[BlackElo "2131"]
[WhiteFideId "8608032"]
[BlackFideId "34270566"]
[EventDate "2025.12.29"]

1. e4 c5 2. Nf3 d6 3. d4 cxd4 4. Nxd4 Nf6 5. Nc3 a6 6. a4 e5 7. Nf3 Be7 8. Bg5
Be6 9. Bxf6 Bxf6 10. Nd5 Bxd5 11. Qxd5 Nc6 12. Bc4 Qc7 13. c3 O-O 14. O-O Kh8
15. Rfd1 Rad8 16. Qd3 g6 17. b4 Ne7 18. Bb3 h6 19. Rac1 Bg7 20. h3 f5 21. Nh2
Qb8 22. Nf1 fxe4 23. Qxe4 Rf4 24. Qe2 Rdf8 25. f3 Qc7 26. Ne3 Qb6 27. Kh2 e4 28.
Nd5 Nxd5 29. Bxd5 exf3 30. Bxf3 Be5 31. Kh1 Rh4 32. Rf1 Qc7 33. Qf2 Qe7 34. Rce1
Qg5 35. Re2 Bg3 36. Qe3 Bf4 37. Qd4+ Be5 38. Qf2 Rhf4 39. Qe3 Qh4 40. Qf2 Qf6
41. Qe3 Bxc3 42. Rd1 Be5 43. Rc2 Qh4 44. Rf1 Qg3 45. Qf2 Qg5 46. Rc7 d5 47. Rxb7
R4f7 48. Rxf7 Rxf7 49. Qe2 Qg3 50. Kg1 Qh2+ 51. Kf2 Bg3+ 52. Ke3 Re7+ 53. Kd3
Rxe2 54. Kxe2 Bd6 55. b5 Qe5+ 56. Kd3 axb5 57. axb5 Qb2 58. Re1 Qxb5+ 59. Ke3
Bc5+ 60. Kf4 Qb4+ 0-1

[Event "World Blitz Women 2025"]
[Site "Doha QAT"]
[Date "2025.12.29"]
[Round "6.51"]
[White "Nandhidhaa, P V"]
[Black "Krasteva, Beloslava"]
[Result "1-0"]
[WhiteTitle "WGM"]
[BlackTitle "FM"]
[WhiteElo "2257"]
[BlackElo "2339"]
[WhiteFideId "5050847"]
[BlackFideId "2922029"]
[EventDate "2025.12.29"]

1. e4 d6 2. d4 Nf6 3. Nc3 e5 4. Nf3 Nbd7 5. h3 c6 6. Be3 g6 7. Qd2 Bg7 8. g4 O-O
9. O-O-O Qa5 10. Kb1 b5 11. Bd3 b4 12. Ne2 d5 13. Ng3 dxe4 14. Nxe4 Nd5 15. Bh6
exd4 16. Bxg7 Kxg7 17. Nxd4 Ne5 18. f4 Nxd3 19. Qxd3 Ba6 20. Qf3 Bc4 21. Nb3
Bxb3 22. axb3 Qb6 23. f5 Qe3 24. f6+ Kg8 25. Qxe3 Nxe3 26. Rde1 Nd5 27. h4 Rfe8
28. h5 Re6 29. hxg6 hxg6 30. Ng5 Rxf6 31. Re2 Rd8 32. Reh2 Kf8 33. Nh7+ Kg7 34.
Nxf6 Nxf6 35. g5 Nh5 36. Rf1 Rd5 37. Rhf2 Rd7 38. Re1 Ng3 39. Rf3 Nf5 40. Re4 a5
41. Rc4 Rd1+ 42. Ka2 Nd4 43. Rd3 Rxd3 44. cxd3 1-0

[Event "World Blitz Women 2025"]
[Site "Doha QAT"]
[Date "2025.12.29"]
[Round "6.52"]
[White "Mamedjarova, Zeinab"]
[Black "Charvi A"]
[Result "0-1"]
[WhiteTitle "WGM"]
[BlackTitle "WFM"]
[WhiteElo "2155"]
[BlackElo "2270"]
[WhiteFideId "13401521"]
[BlackFideId "25165518"]
[EventDate "2025.12.29"]

1. d4 Nf6 2. Nf3 g6 3. Bf4 Bg7 4. c3 O-O 5. Nbd2 d5 6. e3 c5 7. Be2 Nbd7 8. h3
Re8 9. O-O b6 10. a4 Ne4 11. Nxe4 dxe4 12. Ng5 Bb7 13. Qc2 Nf6 14. Bc4 Bd5 15.
Bxd5 Qxd5 16. c4 Qf5 17. g4 Nxg4 18. hxg4 Qxg4+ 19. Kh2 e5 20. dxe5 Bxe5 21.
Qxe4 Qxg5 22. Qf3 Qh4+ 23. Kg2 Bxf4 24. exf4 Qf6 25. b3 Rad8 26. Rae1 Rxe1 27.
Rxe1 Rd4 28. Re4 h5 29. Rxd4 cxd4 30. Qa8+ Kg7 31. Qxa7 Qxf4 32. Qxb6 Qg4+ 33.
Kh2 Qf4+ 34. Kg2 Qg4+ 35. Kh2 Qf4+ 36. Kg2 d3 37. Qd8 d2 38. Kf1 h4 39. Ke2 h3
40. Qd5 h2 41. Qg2 Qh6 42. Qh1 Qf4 43. a5 f5 44. a6 Qe4+ 45. Qxe4 fxe4 46. a7
d1=Q+ 47. Kxd1 h1=Q+ 48. Ke2 Qa1 49. Ke3 Qxa7+ 50. Kxe4 Qa3 51. Kd4 Qxb3 52. c5
Qb2+ 53. Kd5 Qxf2 0-1

[Event "World Blitz Women 2025"]
[Site "Doha QAT"]
[Date "2025.12.29"]
[Round "6.53"]
[White "Parnali, S Dharia"]
[Black "Kurmangaliyeva, Liya"]
[Result "0-1"]
[WhiteTitle "WIM"]
[BlackTitle "FM"]
[WhiteElo "2150"]
[BlackElo "2339"]
[WhiteFideId "5043131"]
[BlackFideId "13725831"]
[EventDate "2025.12.29"]

1. d4 d5 2. c4 dxc4 3. Nc3 a6 4. a4 e5 5. d5 c6 6. e4 Nf6 7. Bxc4 Bb4 8. Ne2
Nxe4 9. O-O Nxc3 10. bxc3 Be7 11. f4 exf4 12. Bxf4 O-O 13. Bxb8 Rxb8 14. dxc6
Qb6+ 15. Kh1 Qxc6 16. Bd5 Qg6 17. Nf4 Qh6 18. Qb3 Bd6 19. Rae1 Bxf4 20. Bxf7+
Kh8 21. Qb4 Qxh2# 0-1

[Event "World Blitz Women 2025"]
[Site "Doha QAT"]
[Date "2025.12.29"]
[Round "6.54"]
[White "Sawan, Eman"]
[Black "Tokhirjonova, Gulrukhbegim"]
[Result "0-1"]
[WhiteTitle "WFM"]
[BlackTitle "IM"]
[WhiteElo "1960"]
[BlackElo "2372"]
[WhiteFideId "11511729"]
[BlackFideId "14203626"]
[EventDate "2025.12.29"]

1. e4 e5 2. Nf3 Nc6 3. Bc4 Bc5 4. c3 Nf6 5. d4 exd4 6. e5 d5 7. Bb5 Ne4 8. cxd4
Bb6 9. Be3 O-O 10. Nc3 Bg4 11. h3 Bh5 12. Qc2 Nxc3 13. bxc3 Ne7 14. Bd3 Bg6 15.
O-O Qd7 16. Nh4 Bxd3 17. Qxd3 c6 18. f4 f6 19. g4 Rad8 20. Rad1 Qc7 21. Nf5 Nxf5
22. gxf5 c5 23. Bf2 cxd4 24. cxd4 Rc8 25. Qe3 fxe5 26. fxe5 Rxf5 27. Bg3 Rcf8
28. Rxf5 Rxf5 29. e6 Qe7 30. Re1 h6 31. Qc3 Rf8 32. Kh2 Re8 33. Re2 Qf6 34. Qb3
Qxd4 35. Qb5 Qg1# 0-1

[Event "World Blitz Women 2025"]
[Site "Doha QAT"]
[Date "2025.12.29"]
[Round "6.55"]
[White "Druzhinina, Olga"]
[Black "Dronavalli, Harika"]
[Result "0-1"]
[WhiteTitle "WFM"]
[BlackTitle "GM"]
[WhiteElo "2175"]
[BlackElo "2466"]
[WhiteFideId "4141911"]
[BlackFideId "5015197"]
[EventDate "2025.12.29"]

1. e4 e6 2. d4 d5 3. e5 c5 4. c3 Qa5 5. Bd2 Nc6 6. Nf3 cxd4 7. cxd4 Qb6 8. Bc3
Bb4 9. Qd2 Nge7 10. a3 Bxc3 11. bxc3 Na5 12. Bd3 Nb3 13. Qb2 Nxa1 14. Qxa1 Bd7
15. O-O Rc8 16. Nbd2 h6 17. Rc1 O-O 18. Nf1 Rc7 19. Ne3 Rfc8 20. Nd1 Ba4 21. Ne3
Qa5 22. c4 dxc4 23. Rxc4 Bb3 24. Rxc7 Qxc7 25. g3 Qc1+ 26. Qxc1 Rxc1+ 0-1

[Event "World Blitz Women 2025"]
[Site "Doha QAT"]
[Date "2025.12.29"]
[Round "6.56"]
[White "Zhu, Chen"]
[Black "Miranda Rodriguez, Tania"]
[Result "1-0"]
[WhiteTitle "GM"]
[BlackTitle "WIM"]
[WhiteElo "2423"]
[BlackElo "2051"]
[WhiteFideId "8600546"]
[BlackFideId "3510417"]
[EventDate "2025.12.29"]

1. c4 e6 2. d4 d5 3. Nc3 Nf6 4. cxd5 exd5 5. Bg5 c6 6. e3 h6 7. Bh4 Be7 8. Bd3
O-O 9. Nge2 Ne8 10. Bg3 Nd6 11. Qc2 Re8 12. O-O Bf8 13. Rae1 a5 14. a3 Na6 15.
Be5 Bd7 16. Ng3 b5 17. Bxd6 Bxd6 18. e4 Nc7 19. exd5 cxd5 20. Bf5 b4 21. axb4
axb4 22. Nce2 Bb5 23. Bd3 Ba4 24. b3 Bd7 25. Bh7+ Kh8 26. Bf5 Bb5 27. Bd3 Bd7
28. Nf5 Bf8 29. Neg3 Ne6 30. Qb2 Qb6 31. Bb1 Bb5 32. Rc1 Bxf1 33. Nxf1 Rac8 34.
Rd1 Rc3 35. N1e3 Rec8 36. Nxd5 Qb7 37. Nxc3 bxc3 38. Qc2 g6 39. Ne3 Bg7 40. d5
Nf4 41. Qe4 Nh5 42. Bc2 Nf6 43. Qd3 Qb6 44. d6 Rd8 45. Nc4 Qb4 46. Ne5 Nh5 47.
Nxf7+ Kh7 48. Nxd8 Nf4 49. Qe4 Qxe4 1-0

[Event "World Blitz Women 2025"]
[Site "Doha QAT"]
[Date "2025.12.29"]
[Round "6.57"]
[White "Berikkyzy Alanna"]
[Black "Nguyen Hong Anh"]
[Result "0-1"]
[WhiteTitle "WFM"]
[BlackTitle "WIM"]
[WhiteElo "2241"]
[BlackElo "2010"]
[WhiteFideId "13780719"]
[BlackFideId "12406732"]
[EventDate "2025.12.29"]

1. e4 c5 2. Nf3 d6 3. d4 cxd4 4. Nxd4 Nf6 5. Nc3 g6 6. Bc4 Bg7 7. O-O O-O 8. Re1
Nc6 9. Nb3 a6 10. a4 Bd7 11. Nd5 Rc8 12. c3 Ne5 13. Bf1 Nxd5 14. exd5 b5 15. Nd4
Qb6 16. a5 Qb7 17. Nc2 Rfd8 18. h3 e6 19. f4 Nc4 20. dxe6 Bxe6 21. Nd4 Bd5 22.
b3 Ne5 23. fxe5 dxe5 24. Nf3 e4 25. Nd4 Rxc3 26. Ne2 Rd3 27. Qc2 Bxa1 28. Bg5
Rc8 29. Qb1 Bg7 30. Nf4 Rxb3 31. Qd1 Bc4 32. Bxc4 bxc4 33. Nd5 Kh8 34. Ne7 Re8
35. Qd6 Rd3 36. Qf4 Rxe7 37. Bxe7 Qxe7 38. Rxe4 Qf8 39. Rxc4 Kg8 40. Rb4 Rd8 41.
Re4 Qd6 42. Qf2 Bd4 0-1

[Event "World Blitz Women 2025"]
[Site "Doha QAT"]
[Date "2025.12.29"]
[Round "6.58"]
[White "Luong Phuong Hanh"]
[Black "Dimitrijevic, Aleksandra"]
[Result "1/2-1/2"]
[WhiteTitle "WIM"]
[BlackTitle "WGM"]
[WhiteElo "2236"]
[BlackElo "2063"]
[WhiteFideId "12401013"]
[BlackFideId "929239"]
[EventDate "2025.12.29"]

1. d4 Nf6 2. Nf3 g6 3. g3 Bg7 4. Bg2 O-O 5. O-O d5 6. c4 c6 7. Qb3 dxc4 8. Qxc4
Be6 9. Qc2 Bf5 10. Qb3 Qb6 11. Nbd2 Na6 12. Nh4 Be6 13. Qd1 Qxd4 14. Nhf3 Qb6
15. a3 Rfd8 16. Qc2 Rac8 17. Ng5 Bg4 18. Nc4 Qc7 19. Bf4 Qd7 20. Ne5 Qe8 21.
Ngxf7 Rd5 22. e4 Rc5 23. Qb3 e6 24. Qxb7 Be2 25. Rfe1 Rb8 26. Qxa7 Ra8 27. Qb7
Rb8 28. Nd6 Rxb7 29. Nxe8 Nxe8 30. Rxe2 Bxe5 31. Be3 Rcb5 32. Rd1 Rxb2 33. Ree1
Kf7 34. Bf1 Nac7 35. Bc4 Rb8 36. Rd7+ Kg8 37. f4 Bf6 38. Bc5 Rb1 39. Rxb1 Rxb1+
40. Kg2 Rb2+ 41. Kh3 Rc2 42. Bb6 Rxc4 43. Bxc7 Nxc7 44. Rxc7 Bb2 45. a4 Rxa4 46.
Rxc6 Rxe4 47. Rb6 Bd4 48. Rb4 Kg7 49. Kg4 Kf6 50. Ra4 h5+ 51. Kh3 Kf5 52. Ra5+
e5 53. fxe5 Bxe5 54. Ra8 Re2 55. Re8 Re1 56. Re7 Bc3 57. Rc7 Bd4 58. Rc2 Kg5 59.
Rd2 Be3 60. Ra2 Rd1 61. Ra5+ Kh6 62. Ra6 Rd2 63. Ra1 Bd4 64. Rc1 Be5 65. Re1 Bd6
66. Re6 Kg5 67. Re4 Bc7 68. Re7 Bd6 69. Re4 Kh6 70. Re6 h4 71. Kxh4 Rxh2+ 72.
Kg4 Rd2 73. Re3 Kg7 74. Rb3 Kf6 75. Rf3+ Kg7 76. Rb3 Be5 77. Rb5 Bf6 78. Rb7+
Kh6 79. Rb3 Rd4+ 80. Kh3 Rc4 81. Rf3 Kg5 82. Ra3 Rc3 83. Ra5+ Kh6 84. Rd5 Bg5
85. Kg4 Rc4+ 86. Kh3 Kh5 87. Ra5 Rc3 88. Rb5 Kh6 89. Kg4 Bd2 90. Rb1 Rc4+ 91.
Kh3 Bb4 92. Rd1 Kg5 93. Rd5+ Kf6 94. Rd7 Ke6 95. Rg7 Kf5 96. Rf7+ Kg5 97. Rd7
Be1 98. Rd1 Bf2 99. Rd2 Bd4 100. Ra2 Be5 101. Re2 Kf5 102. Rf2+ Ke6 103. Re2 Rc3
104. Rg2 Kf5 105. Kh4 g5+ 106. Kh3 g4+ 107. Kh4 Bxg3+ 108. Rxg3 Rc8 109. Rxg4
Rh8+ 1/2-1/2

[Event "World Blitz Women 2025"]
[Site "Doha QAT"]
[Date "2025.12.29"]
[Round "6.59"]
[White "Dwilewicz, Katarzyna"]
[Black "Olde, Margareth"]
[Result "0-1"]
[WhiteTitle "WFM"]
[BlackTitle "WIM"]
[WhiteElo "2185"]
[BlackElo "2214"]
[WhiteFideId "1148486"]
[BlackFideId "4503082"]
[EventDate "2025.12.29"]

1. e4 d6 2. d4 Nf6 3. Nc3 e5 4. Nf3 Nbd7 5. Rg1 g6 6. g4 exd4 7. Nxd4 Bg7 8. Be3
d5 9. exd5 Ne5 10. Bb5+ c6 11. dxc6 O-O 12. Be2 bxc6 13. f4 Nexg4 14. Nxc6 Qe8
15. Bc5 Qxc6 16. Bxf8 Bxf8 17. Bxg4 Bxg4 18. Rxg4 Qe6+ 19. Qe2 Qxe2+ 20. Kxe2
Nxg4 21. h3 Nf6 22. Rd1 Rb8 23. b3 Rc8 24. Rd3 Bb4 25. Nb5 Rxc2+ 26. Kf3 a6 27.
Rd8+ Kg7 28. Nd4 Rxa2 29. Nc6 a5 30. Ne5 Bc3 31. Nc4 h5 32. Ra8 Ra1 33. Ra7 Nd5
34. Nd6 Rf1+ 35. Ke4 Nf6+ 36. Kd3 Rf3+ 37. Ke2 Rxf4 38. Rxf7+ Kg8 39. Rc7 Bb4
40. Nc4 Ne4 41. Ne5 Ng3+ 42. Kd3 Rf6 43. Nd7 Rd6+ 44. Kc4 Ne4 45. Rc8+ Kg7 46.
Ne5 Nd2+ 47. Kb5 Rd5+ 48. Ka4 Rxe5 49. h4 Re1 50. Rc7+ Kf6 51. Kb5 Ne4 52. Rc6+
Nd6+ 53. Ka6 Re4 0-1

[Event "World Blitz Women 2025"]
[Site "Doha QAT"]
[Date "2025.12.29"]
[Round "6.60"]
[White "Jimenez Fernandez, Rebeca"]
[Black "Karimova, Guldona"]
[Result "0-1"]
[WhiteTitle "WFM"]
[BlackTitle "WIM"]
[WhiteElo "2137"]
[BlackElo "2288"]
[WhiteFideId "32070934"]
[BlackFideId "14210410"]
[EventDate "2025.12.29"]

1. e4 c5 2. Nc3 Nc6 3. g3 g6 4. Bg2 Bg7 5. d3 Rb8 6. Be3 d6 7. Qd2 b5 8. Nge2 b4
9. Nd1 a5 10. O-O Ba6 11. f4 a4 12. Rb1 Qd7 13. f5 Ne5 14. h3 h5 15. Nf2 Nf6 16.
Nf4 gxf5 17. exf5 Qxf5 18. Ne4 Qd7 19. Ng5 Bb7 20. d4 cxd4 21. Bxd4 Bxg2 22.
Qxg2 Nc6 23. Bf2 e5 24. Nd5 Nxd5 25. Qxd5 O-O 26. Be3 Ne7 27. Qf3 f6 28. Ne4
Qxh3 29. Nxd6 f5 30. Bg5 Ng6 31. Nxf5 Kh7 32. Qe4 Rxf5 33. Qxf5 Qxg3+ 34. Kh1
Rf8 35. Qd3 Qxg5 36. Rg1 Qh4+ 37. Kg2 Rf2# 0-1

[Event "World Blitz Women 2025"]
[Site "Doha QAT"]
[Date "2025.12.29"]
[Round "6.61"]
[White "Sharma, Isha"]
[Black "Li, Xueyi"]
[Result "0-1"]
[WhiteTitle "WIM"]
[BlackTitle "WGM"]
[WhiteElo "2245"]
[BlackElo "2202"]
[WhiteFideId "35006665"]
[BlackFideId "8605912"]
[EventDate "2025.12.29"]

1. Nf3 d5 2. b3 c6 3. Bb2 Nf6 4. e3 Bf5 5. Be2 h6 6. d4 e6 7. Nbd2 Nbd7 8. c4
Be7 9. O-O O-O 10. Re1 Ne4 11. Nxe4 dxe4 12. Nd2 Bd6 13. Nf1 Bb4 14. Nd2 Qa5 15.
Nf1 Bxe1 16. Qxe1 Qxe1 17. Rxe1 a5 18. a4 Rfe8 19. Ng3 Bh7 20. Rd1 Nb8 21. Bc3
b6 22. Rd2 Na6 23. f3 exf3 24. Bxf3 Rac8 25. Nh5 Nb4 26. h3 Red8 27. Kh2 e5 28.
dxe5 Rxd2 29. Bxd2 Bc2 30. e6 fxe6 31. Bc3 Bxb3 32. Bxg7 Bxc4 33. Bxh6 b5 34.
axb5 cxb5 35. g4 a4 36. Nf6+ Kf7 37. g5 Bd3 38. Bh5+ Bg6 39. Be2 Rc2 0-1

[Event "World Blitz Women 2025"]
[Site "Doha QAT"]
[Date "2025.12.29"]
[Round "6.62"]
[White "Zvereva, Marija"]
[Black "Aydin, Gulenay"]
[Result "0-1"]
[WhiteTitle "WIM"]
[BlackTitle "WIM"]
[WhiteElo "2007"]
[BlackElo "2259"]
[WhiteFideId "4121082"]
[BlackFideId "34557431"]
[EventDate "2025.12.29"]

1. f4 Nf6 2. Nf3 c5 3. g3 Nc6 4. Bg2 g6 5. O-O Bg7 6. d3 O-O 7. e4 d6 8. Nc3 Rb8
9. a4 a6 10. h3 b5 11. axb5 axb5 12. Qe2 b4 13. Nd1 Bb7 14. g4 e6 15. Qf2 Ne7
16. Qg3 Qb6 17. Be3 Qc7 18. h4 h5 19. g5 Ng4 20. Bc1 d5 21. Nh2 Nxh2 22. Qxh2
dxe4 23. dxe4 c4 24. Ne3 Ra8 25. Rb1 Qc5 26. Kh1 Rfd8 27. Qh3 Rd4 28. f5 exf5
29. exf5 Bxg2+ 30. Kxg2 Nxf5 31. Nxf5 gxf5 32. Rxf5 Qc6+ 33. Qf3 Rg4+ 34. Kf2
Qc8 35. Rxf7 Rxh4 36. Bf4 Qe8 37. Rf5 Qe6 38. Re5 Qb6+ 39. Be3 Qd8 40. Rf5 Rc8
41. Rd1 Qc7 42. Bf4 Qb6+ 43. Be3 Qc7 44. Bf4 Qa7+ 45. Be3 Qe7 46. Qd5+ Kh8 47.
Rf7 Rf8 48. Rxf8+ Qxf8+ 49. Ke2 Rh2+ 50. Ke1 c3 51. Qd8 cxb2 52. Qxf8+ Bxf8 53.
Bd4+ Bg7 54. Bxg7+ Kxg7 55. Rb1 Rh1+ 0-1

[Event "World Blitz Women 2025"]
[Site "Doha QAT"]
[Date "2025.12.29"]
[Round "6.63"]
[White "Shubenkova, Veronika"]
[Black "Mikheeva, Galina"]
[Result "1-0"]
[WhiteTitle "WFM"]
[BlackTitle "FM"]
[WhiteElo "2013"]
[BlackElo "2122"]
[WhiteFideId "44124040"]
[BlackFideId "44108320"]
[EventDate "2025.12.29"]

1. e4 e5 2. Nf3 Nc6 3. Bb5 a6 4. Ba4 f5 5. d3 fxe4 6. dxe4 Nf6 7. O-O d6 8. Re1
b5 9. Bb3 Na5 10. Bg5 Nxb3 11. axb3 Be7 12. Nc3 Bb7 13. Bxf6 Bxf6 14. Nd5 O-O
15. c4 c6 16. Ne3 Bc8 17. cxb5 Bb7 18. bxc6 Bxc6 19. Qd3 Qb6 20. Nc4 Qb5 21. Ra5
Qb4 22. Qxd6 Qxd6 23. Nxd6 Be7 24. Rc1 Rfd8 25. Rxc6 Bxd6 26. Raxa6 Kf7 27. h4
Rxa6 28. Rxa6 h6 29. Ra7+ Kf6 30. Ra6 Ke7 31. Ra5 Rb8 32. Nxe5 Rxb3 33. Nc4 Bc7
34. Rc5 Kd7 35. g3 Bd8 36. Rd5+ Ke7 37. Ne5 Bb6 38. Nc4 Bc7 39. Rc5 Kd7 40. Kg2
Rb4 41. Rd5+ Kc6 42. Ne5+ Kb7 43. Rd7 Kb6 44. Nd3 Rb3 45. Kf1 g5 46. hxg5 hxg5
47. Ke2 g4 48. Rd5 Bb8 49. Kd2 Kc6 50. Kc2 Rb7 51. Rg5 Rf7 52. Rxg4 Bd6 53. Rg6
Kd7 54. e5 Bxe5 55. Nxe5+ 1-0

[Event "World Blitz Women 2025"]
[Site "Doha QAT"]
[Date "2025.12.29"]
[Round "6.64"]
[White "Khalil, Manar"]
[Black "Nordahl, Christine"]
[Result "0-1"]
[WhiteTitle "WFM"]
[WhiteElo "1925"]
[BlackElo "1835"]
[WhiteFideId "7604661"]
[BlackFideId "1557939"]
[EventDate "2025.12.29"]

1. e4 c5 2. Nf3 Nc6 3. d4 cxd4 4. Nxd4 g6 5. c4 Bg7 6. Be3 Nf6 7. Nc3 O-O 8. Be2
d6 9. O-O Nxd4 10. Bxd4 Bd7 11. Kh1 Bc6 12. f3 a5 13. Qd2 Nd7 14. Bxg7 Kxg7 15.
Nd5 Bxd5 16. cxd5 Rc8 17. Rac1 Nc5 18. Qd4+ Kg8 19. f4 Qd7 20. f5 b5 21. h3 Qb7
22. Qe3 Nd7 23. Rxc8 Rxc8 24. fxg6 hxg6 25. Bg4 Rc2 26. Bxd7 Qxd7 27. Qb3 Re2
28. Qd3 Rxb2 29. e5 dxe5 30. Qf3 e6 31. Qf6 exd5 32. Qxe5 Rc2 33. Qd4 Rc4 34.
Qb6 Qc6 35. Qxa5 Qd7 36. Qa8+ Kg7 37. Qb8 Rc8 38. Qe5+ Kg8 39. Qd4 Qe6 40. Rf6
Qe4 41. Qf2 Qe5 42. g3 Rc1+ 43. Kh2 Qe4 44. Rxf7 Rc2 45. Rf8+ Kg7 46. Rf7+ Kh6 0-1

[Event "World Blitz Women 2025"]
[Site "Doha QAT"]
[Date "2025.12.29"]
[Round "6.65"]
[White "Rouda Essa, Alserkal"]
[Black "Skaslien, Ingrid"]
[Result "0-1"]
[WhiteTitle "WGM"]
[WhiteElo "2052"]
[BlackElo "2029"]
[WhiteFideId "9314318"]
[BlackFideId "1520660"]
[EventDate "2025.12.29"]

1. e4 e5 2. Nf3 Nc6 3. Bb5 a6 4. Ba4 Nf6 5. O-O Be7 6. Re1 b5 7. Bb3 O-O 8. a4
b4 9. d4 d6 10. c3 Re8 11. Nbd2 Bg4 12. h3 Bh5 13. d5 Na5 14. cxb4 Nxb3 15. Qxb3
Rb8 16. Qc3 Qd7 17. Nh2 Rec8 18. Nc4 c6 19. dxc6 Qxc6 20. b3 Nxe4 21. Qd3 Bg6
22. Qf3 Ng5 23. Qxc6 Rxc6 24. Na5 Rc2 25. Nf1 Ne4 26. Be3 h6 27. Rac1 Rbc8 28.
Rxc2 Rxc2 29. Rc1 Rxc1 30. Bxc1 d5 31. Nc6 Bd6 32. Nd2 Nc3 33. Bb2 d4 34. Nc4
Bc7 35. N6xe5 Bc2 36. Nf3 Ne2+ 37. Kf1 d3 38. Ke1 Bxb3 39. Nce5 Nf4 40. Nxd3
Nxd3+ 0-1

[Event "World Blitz Women 2025"]
[Site "Doha QAT"]
[Date "2025.12.29"]
[Round "6.66"]
[White "Echcharbiny, Wissal"]
[Black "Wafa, Shahenda"]
[Result "0-1"]
[BlackTitle "WGM"]
[WhiteElo "1726"]
[BlackElo "2074"]
[WhiteFideId "9014853"]
[BlackFideId "10609962"]
[EventDate "2025.12.29"]

1. d4 Nf6 2. e3 g6 3. Bd3 Bg7 4. f4 d6 5. Nf3 b6 6. e4 Bb7 7. Nbd2 Nbd7 8. e5
dxe5 9. fxe5 Nd5 10. Ne4 Nb4 11. O-O Nxd3 12. Qxd3 O-O 13. Bd2 c5 14. dxc5 Nxe5
15. Qxd8 Rfxd8 16. Bc3 Bxe4 17. Nxe5 f6 18. Ng4 bxc5 19. Rac1 h5 20. Nf2 Bf5 21.
Rce1 Kf7 22. Re2 e5 23. Rfe1 a5 24. Ne4 Bxe4 25. Rxe4 Rd5 26. Ra4 f5 27. Rxa5
Rxa5 0-1

[Event "World Blitz Women 2025"]
[Site "Doha QAT"]
[Date "2025.12.29"]
[Round "6.67"]
[White "Alsemairi, Dalia"]
[Black "Lesbekova, Assel"]
[Result "0-1"]
[WhiteTitle "WCM"]
[BlackTitle "WCM"]
[WhiteElo "1802"]
[BlackElo "1948"]
[WhiteFideId "21511217"]
[BlackFideId "13713248"]
[EventDate "2025.12.29"]

1. d4 f5 2. Bf4 d6 3. Nf3 g6 4. e3 Bg7 5. Bd3 Nc6 6. c3 e5 7. dxe5 dxe5 8. Bg5
Nge7 9. Bc2 Qxd1+ 10. Bxd1 Be6 11. Bxe7 Kxe7 12. O-O Bf6 13. Nbd2 g5 14. Be2 g4
15. Ne1 Rad8 16. Nd3 e4 17. Nc5 Rxd2 18. Bb5 Rxb2 19. Nxe6 Rxb5 20. Nf4 Ne5 21.
Rfd1 c6 22. g3 Bg5 23. Rd4 Bxf4 24. exf4 Nf3+ 0-1

[Event "World Blitz Women 2025"]
[Site "Doha QAT"]
[Date "2025.12.29"]
[Round "6.68"]
[White "Fawaz, Nadia"]
[Black "Al-Khulaifi, Ghada"]
[Result "1-0"]
[WhiteTitle "WFM"]
[BlackTitle "WCM"]
[WhiteElo "1957"]
[BlackElo "1630"]
[WhiteFideId "5309743"]
[BlackFideId "12100633"]
[EventDate "2025.12.29"]

1. e4 e5 2. Nf3 Nf6 3. Nxe5 d6 4. Nf3 Nxe4 5. d4 d5 6. Bd3 Nf6 7. O-O Be7 8. Bf4
O-O 9. h3 Be6 10. Re1 b6 11. Nbd2 c5 12. c3 Nc6 13. Rc1 c4 14. Bb1 Bd6 15. Bxd6
Qxd6 16. Nf1 b5 17. Ng3 b4 18. Ng5 Rae8 19. Nh5 Nxh5 20. Bxh7+ Kh8 21. Qxh5 1-0

[Event "World Blitz Women 2025"]
[Site "Doha QAT"]
[Date "2025.12.29"]
[Round "6.69"]
[White "Abrar Mohammed Ahmad Almalki"]
[Black "Mkrtchian, Lilit"]
[Result "0-1"]
[BlackTitle "IM"]
[WhiteElo "1826"]
[BlackElo "2366"]
[WhiteFideId "21543143"]
[BlackFideId "13300601"]
[EventDate "2025.12.29"]

1. e4 c6 2. Nc3 d5 3. Nf3 Bg4 4. d4 e6 5. Bd3 Nf6 6. h3 Bh5 7. O-O Be7 8. Bg5
O-O 9. Bxf6 Bxf6 10. e5 Be7 11. Be2 c5 12. Nb5 a6 13. Nc3 Nc6 14. g4 Bg6 15. a3
h6 16. Na4 cxd4 17. Nxd4 Nxe5 18. f4 Nc6 19. Nxc6 bxc6 20. b3 Qc7 21. Bd3 Bd6
22. f5 Bh7 23. Qf3 e5 24. Be2 e4 25. Qg2 f6 26. Rac1 Rfe8 27. c4 d4 28. c5 Bf4
29. Bc4+ Kh8 30. Rcd1 Be3+ 31. Kh1 Qe5 32. Rfe1 Rad8 33. Nb6 Qf4 34. Na4 h5 35.
Nb2 hxg4 36. hxg4 Qh6+ 37. Qh2 Qxh2+ 38. Kxh2 Bg8 39. Kg3 Bxc4 40. Nxc4 Bh6 41.
Rh1 e3 42. Nd6 Re7 43. Rh3 Kg8 44. Rdh1 e2 45. Re1 d3 46. Kf2 Bd2 47. Ra1 e1=Q+
48. Rxe1 Bxe1+ 49. Kf3 d2 0-1

[Event "World Blitz Women 2025"]
[Site "Doha QAT"]
[Date "2025.12.29"]
[Round "6.70"]
[White "Alotaibi, Maitha Abdulrahman A"]
[Black "Lau, Chloe Hailey"]
[Result "0-1"]
[WhiteElo "1600"]
[BlackElo "1562"]
[WhiteFideId "21524009"]
[BlackFideId "6012469"]
[EventDate "2025.12.29"]

1. d4 d5 2. c4 c6 3. g3 Nf6 4. Nc3 dxc4 5. Bg2 Bf5 6. Nf3 e6 7. Bg5 Be7 8. Bxf6
Bxf6 9. e4 Bg4 10. e5 Be7 11. O-O O-O 12. h3 Bf5 13. Kh2 Nd7 14. Rg1 Nb6 15. Qe2
Bd3 16. Qd2 Qc7 17. Rac1 Bg6 18. Nh4 Rad8 19. Qe3 Nd5 20. Nxd5 cxd5 21. Nxg6
hxg6 22. f4 Qb6 23. Rc2 Qa5 24. b3 cxb3 25. Qxb3 Qb4 26. Qxb4 Bxb4 27. Rc7 Ba5
28. Rxb7 Bb6 29. Rd1 Rc8 30. h4 Rc2 31. Kh3 Rxa2 32. Rd3 Rc8 33. Rd7 Ra4 34. Kg4
Rxd4 35. Rxd4 Bxd4 0-1

[Event "World Blitz Women 2025"]
[Site "Doha QAT"]
[Date "2025.12.29"]
[Round "7.1"]
[White "Omonova, Umida"]
[Black "Goryachkina, Aleksandra"]
[Result "0-1"]
[WhiteTitle "WIM"]
[BlackTitle "GM"]
[WhiteElo "2294"]
[BlackElo "2534"]
[WhiteFideId "14210363"]
[BlackFideId "4147103"]
[EventDate "2025.12.29"]

1. e4 e5 2. Nf3 Nc6 3. Bc4 Nf6 4. d3 Bc5 5. O-O O-O 6. Nbd2 d6 7. c3 a5 8. h3
Be6 9. Re1 Bxc4 10. Nxc4 b5 11. Ne3 Bxe3 12. Bxe3 Re8 13. Bg5 h6 14. Bh4 a4 15.
Rc1 Nb8 16. d4 Nbd7 17. Qd3 Qb8 18. Rcd1 Qb7 19. dxe5 dxe5 20. Bxf6 Nxf6 21. Nh4
Kh7 22. Qf3 Re6 23. Nf5 g6 24. Ne3 c6 25. Rd2 Kg7 26. Red1 Rae8 27. a3 Qe7 28.
Nc2 Nh5 29. Rd7 Qf6 30. Qxf6+ Nxf6 31. Rc7 Nxe4 32. Rdd7 Rf6 33. f3 Nc5 34. Rd1
e4 35. fxe4 Rxe4 36. Nd4 Nb3 37. Nxc6 Rc4 38. Rb7 Rcxc6 39. Rxb5 Rce6 40. Rf1
Re2 41. Rxf6 Kxf6 42. Rb4 Nc5 43. Rc4 Nd3 44. Rxa4 Rxb2 45. Rd4 Ne5 46. a4 Ra2
47. Kf1 Ke6 48. Rb4 f5 49. Kg1 h5 50. Kf1 g5 51. Rb6+ Kd5 52. Rh6 h4 53. Rh5 Nf7
54. Rh7 Nd6 55. Rg7 Ne4 56. Rf7 Ke5 57. Ra7 Kf4 58. Ra5 Ke3 59. Kg1 Ra1+ 60. Kh2
Ng3 0-1